Brawl Stars: Supercell Make Skins by Picture - Statistics

General Stats
  • This quiz has been taken 67 times
    59 since last reset
  • The average score is 12 of 17
Answer Stats
Picture Answer % Correct
ZomBibi
88%
DJ 3.M.Z
85%
Gladiator Colette
83%
Horus Bo
83%
Dark Angel Colt
80%
Nutcracker Gale
78%
Mr Dragonfruit
76%
Archvillain Bea
73%
Dark Samurai Gene
68%
Underworld Bo
68%
Kraken Surge
66%
Whale Watch Nita
66%
Bubble Trouble Amber
63%
Dragoon Belle
56%
Kabocha Fang
56%
Nightmare Sandy
56%
Spirit Knight Frank
54%
No matching quizzes found
Score Distribution
Percent of People with Each Score
Percentile by Number Answered
Your Score History
You have not taken this quiz since the last reset